000 00973nam a22003137a 4500
003 CHAP
005 20220329134702.0
008 971013s1974 r 00010 d
010 _a24181
011 _a25153
035 _a29253
040 _cCHAP
090 _aFolleto 7066
100 0 0 _aHagedom, D. J.
_952216
245 _aVirus diseases of pea; Pisum sativum
260 _aSt. Paul, Minn. :
_bAmerican Phytopathological Society,
_c1974
300 _a47 p.
_b: láms. ; ilus.
490 _aMonograph
_v; 9
590 _aBATCH-UPD
_b10
_c20130110
_lUCH01
_h0211
590 _aBATCH-UPD
_b10
_c20130110
_lUCH01
_h2134
590 _aBATCH-UPD
_b10
_c20130409
_lUCH01
_h2226
590 _aBATCH-UPD
_b10
_c20130914
_lUCH01
_h0928
590 _aCONVERSION
_b10
_c20130109
_lUCH01
_h1314
650 1 4 _aChícharo
_xEnfermedades por virus.
_922828
830 0 _aMonograph
_v; 9
_977593
901 _aBK
942 _cFOLL
949 _aFolleto 7066
_bBC
_cFOLL
_d-67647
_eTS1
_i29253
_si
999 _c24181
_d24181